| 000 | 00476nam a2200169Ia 4500 | ||
|---|---|---|---|
| 003 | GCL | ||
| 008 | 140319s9999 xx 000 0 ara d | ||
| 040 |
_aGCL / _cGCL |
||
| 082 | 0 | 4 |
_a810.08 _bف ت |
| 100 | 1 | _aفدوى طوقان | |
| 245 | 1 | 0 |
_aتموز والشىء الاخر (شعر) / _cفدوى طوقان |
| 490 |
_a100 قصة _v0 |
||
| 650 | 0 | 4 | _aالشعر العربى |
| 650 | 0 | 4 | _aالادب العربى |
| 650 | 0 | 4 | _aالشعر السياسى |
| 942 |
_2ddc _cBK |
||
| 999 |
_c46542 _d46542 |
||